000
00331 a2200121 4500
999
_c
11335
_d
11335
008
230320b ||||| |||| 00| 0 eng d
020
_a
9789354750700
100
_a
Claude Fayette Bragdon
245
_a
The beautiful necessity; seven essays on theosophy and architecture
260
_b
Manas Press
300
_a
51p;.
942
_2
ddc